000 00503nam a2200181Ia 4500
005 20250326124141.0
008 250326s9999 xx 000 0 und d
037 _aTextbook
040 _aFMSL
_beng
_cFMSL
041 _aeng
_2eng
084 _aX:5.6 L4
_qFMSL
100 _aReynolds E
_9736866
245 0 _aTrade and economic change on the gold coast 1807-1874
_cReynolds E
260 _aNY
_bNY, Longman
_c1974
300 _a206p
942 _cTB
_hX:5.6 L4
999 _c1272491
_d1272491